The Ship: How it work (Record no. 1030287)

MARC details
000 -LEADER
fixed length control field 00447nam a2200181Ia 4500
008 - FIXED-LENGTH DATA ELEMENTS--GENERAL INFORMATION
fixed length control field 151018s9999 xx 000 0 und d
082 ## - DEWEY DECIMAL CLASSIFICATION NUMBER
Item number RBASDV30747
Classification number 624
100 ## - MAIN ENTRY--PERSONAL NAME
Personal name Navkala Roy
245 ## - TITLE STATEMENT
Title The Ship: How it work
250 ## - EDITION STATEMENT
Remainder of edition statement 4
260 ## - PUBLICATION, DISTRIBUTION, ETC. (IMPRINT)
Name of publisher, distributor, etc Children Books Trust
Date of publication, distribution, etc 1998
300 ## - PHYSICAL DESCRIPTION
Extent 24
600 ## - SUBJECT ADDED ENTRY--PERSONAL NAME
Personal name Navkala Roy
630 ## - SUBJECT ADDED ENTRY--UNIFORM TITLE
Uniform title The Ship: How it work
700 ## - ADDED ENTRY--PERSONAL NAME
Personal name Navkala Roy
730 ## - ADDED ENTRY--UNIFORM TITLE
Uniform title The Ship: How it work
942 ## - ADDED ENTRY ELEMENTS (KOHA)
Koha item type Book
Holdings
Withdrawn status Lost status Damaged status Not for loan Home library Current library Date acquired Cost, normal purchase price Total Checkouts Full call number Barcode Date last seen Cost, replacement price Price effective from Koha item type
        R.B. Anant Shivaji Desai Vachanalaya and Granthalaya, Kudal R.B. Anant Shivaji Desai Vachanalaya and Granthalaya, Kudal 08/28/2009 18.00   RBASDV30747 RBASDV30747 10/18/2015 18.00 10/18/2015 Book